| 000 | 01117 a2200217 4500 | ||
|---|---|---|---|
| 020 | _a0538884827 | ||
| 020 | _a9780538884822 | ||
| 082 | 0 | 4 | _a346.7307 |
| 090 |
_c1008 _d1008 |
||
| 100 | 1 | _aMann, Richard A. | |
| 245 | 1 | 0 |
_aBusiness law and the regulation of business / _cRichard A. Mann. |
| 250 | _a6th ed. | ||
| 260 |
_a[S.l.] : _bThomson South-Western, _c1998. |
||
| 300 |
_a1248 p. ; _c27 cm. |
||
| 500 | _aHardcover. | ||
| 520 | _aThis text provides a concise explanation of the statutory and case law that affects business with the objective of enabling students to use the law as a source for business decision-making. Excellent preparation for CPA exams and numerous critical thinking features are particular strengths of this text. This sixth edition continues the tradition of authoritative, accurate, and up-to-date presentation of the law. | ||
| 700 | 1 | _aRoberts, Barry S. | |
| 856 | 4 | 0 |
_3Amazon.com _uhttp://www.amazon.com/exec/obidos/ASIN/0538884827/chopaconline-20 |
| 856 | 4 | 0 |
_3Amazon customer reviews _uhttp://www.chopac.org/cgi-bin/tools/azrev.pl?q=0538884827 |
| 942 |
_aNBS _cBK _k346.7307 MAN |
||
| 999 |
_c343545 _d343545 |
||